| 000 | 00693nam a22001337a 4500 | ||
|---|---|---|---|
| 040 | _cRUA | ||
| 082 | _aAVM MAK 2011 B099 Or.1 | ||
| 100 | _aMAK, LEAKENA. | ||
| 245 | _aUse of different leaves of protein on growth performance of quail at rua, ការប្រើប្រាស់កំរិតប្រូតេអ៊ីនផ្សេងៗគ្នាលើការលូតលាស់របស់ក្រូចនៅសាកលវិទ្យាល័យភូមិន្ទកសិកម្ម | ||
| 260 |
_aPhnom Penh _bRUA _c2011 |
||
| 300 |
_aix; 44p. _bill. _c29cm. |
||
| 856 | _uhttps://drive.google.com/file/d/108oK4D6Vkq-FpGqdDwF9HJVYJS5wERDr/view?usp=sharing | ||
| 942 | _cAVM | ||
| 999 |
_c2485 _d2485 |
||